[Event "VIE-chT"]
[Site "Hanoi"]
[Date "2023.04.18"]
[Round "1"]
[White "Tran, Ngoc Lan"]
[Black "Ho, Quoc Duy"]
[Result "1-0"]
[WhiteElo "2163"]
[BlackElo "1968"]
[PlyCount "85"]
[EventDate "2023.04.18"]
[EventType "swiss"]
[EventRounds "9"]
[EventCountry "VIE"]
[SourceTitle "EXT 2024"]
[Source "ChessBase"]
[SourceDate "2023.10.10"]
[SourceVersion "1"]
[SourceVersionDate "2023.10.10"]
[SourceQuality "1"]

1. d4 d5 2. c4 e6 3. Bf4 Nf6 4. e3 Be7 5. Nc3 0-0 6. Nf3 b6 7. cxd5 Nxd5 8. Nxd5 exd5 9. Bd3 Be6 10. 0-0 c5 11. b3 Nd7 12. Rc1 Rc8 13. Ba6 Rc6 14. Bb7 Rc8 15. h3 h6 16. Qe2 Re8 17. Rfd1 Bf5 18. Bxc8 Qxc8 19. dxc5 Bxc5 20. Rxd5 Nf6 21. Rdd1 Qb7 22. b4 Bf8 23. Rc7 Qa8 24. Ne5 Be6 25. Qa6 Re7 26. Rxe7 Bxe7 27. b5 Qe4 28. Qxa7 Bc5 29. Qb8+ Bf8 30. Rd8 Nh7 31. Nc6 Bd5 32. Rxd5 Qb1+ 33. Kh2 Qe4 34. Rd8 Qe6 35. Bd6 Nf6 36. Ne7+ Qxe7 37. Bxe7 Kh7 38. Rxf8 Kg6 39. Qg3+ Kh5 40. Rxf7 g5 41. Rxf6 g4 42. Qh4+ Kxh4 43. Rxh6# 1-0